000 01679nam a2200385 c 4500
999 _c127283
_d127283
003 BLK
005 20250219162914.0
008 180409b bul|||||r ||||||| ||bul||
010 _aKNG00132985000
020 _a978-954-9321-44-9
040 _aBLK
041 _aBUL
_cBUL
072 7 _2bullib
_aН83
_xЧужда художествена литература Н
080 _aАмериканска литература (на САЩ)
_b821.111(73)
_x-312.9
_z821.111(73)-312.9
100 1 _aКлеър, Касандра
_eпърви автор
_gРумелт, Джудит
_9303824
139 _aКлеър, Касандра
_bК 63
245 1 0 _aРеликвите на смъртните: Кн. 3
_bКн. 1 -
_cКасандра Клеър; прев. от англ. Людмила Маринова Костова.
_nКн. 3
_pГрад от стъкло
257 _aUSA
260 _c2010 -
_fСофия : Симолини
300 _c21 см
380 _aX
500 _aОриг. загл. Mortal Instruments / Cassandra Clare. - Касандра Клеър - псевд. на Джудит Румелт.
653 _aфентъзи
653 _aромани
659 _aН
700 _aКостова, Людмила Маринова
_9366797
760 1 _aКлеър, Касандра
_dИбис, 2010
_h480 с.
_nОриг. загл. City of Glass.
_tКн. 3 Град от стъкло
852 _aЦб 256000
856 4 _qpdf
856 4 _qpdf
942 _cKNG
_n0
_028
_s1
944 _aCR
_c20.08.2012
_lЦветелина Шанова
_k30531
944 _aED
_c06.01.2017
_lф /
_kВиолета_Тройчева
999 _d127283